Air conditioning : (Record no. 158344)

MARC details
000 -LEADER
fixed length control field 00696nam a2200229 a 4500
008 - FIXED-LENGTH DATA ELEMENTS--GENERAL INFORMATION
fixed length control field
020 ## - INTERNATIONAL STANDARD BOOK NUMBER
International Standard Book Number 0827319568 (pbk.)
049 ## - LOCAL HOLDINGS (OCLC)
Holding library MAIN
090 ## - LOCALLY ASSIGNED LC-TYPE CALL NUMBER (OCLC); LOCAL CALL NUMBER (RLIN)
Classification number (OCLC) (R) ; Classification number, CALL (RLIN) (NR) TH7687.A2
Local cutter number (OCLC) ; Book number/undivided call number, CALL (RLIN) LAN
003 - CONTROL NUMBER IDENTIFIER
control field
005 - DATE AND TIME OF LATEST TRANSACTION
control field 20230123134013.0
040 ## - CATALOGING SOURCE
Transcribing agency NUST
100 1# - MAIN ENTRY--PERSONAL NAME
Personal name Lang, V. Paul.
245 10 - TITLE STATEMENT
Title Air conditioning :
Remainder of title procedures and installation /
Statement of responsibility, etc. V. Paul Lang.
260 ## - PUBLICATION, DISTRIBUTION, ETC.
Place of publication, distribution, etc. Albany, N.Y. :
Name of publisher, distributor, etc. Delmar Publishers ,
Date of publication, distribution, etc. 1982.
300 ## - PHYSICAL DESCRIPTION
Extent iv, 124 p. :
Other physical details ill. ;
Dimensions 26 cm.
500 ## - GENERAL NOTE
General note Companion vol. to: Principles of air conditioning.
500 ## - GENERAL NOTE
General note Includes index.
650 #0 - SUBJECT ADDED ENTRY--TOPICAL TERM
Topical term or geographic name entry element Air conditioning.
907 ## - LOCAL DATA ELEMENT G, LDG (RLIN)
a .b10070266
b 06-04-17
c 17-04-03
942 ## - ADDED ENTRY ELEMENTS (KOHA)
Koha item type Ordinary Loan Books
Call number prefix TH7687.A2
Call number suffix LAN

No items available.